ŁQue mal huele! (Registro nro. 3975)

Detalles MARC
000 -CABECERA
Longitud fija campo de control 00864nam a2200253 a 4500
003 - • IDENTIFICADOR DELl NÚMERO DE CONTROL
Identificador del número de control CO-ViMGA
005 - • FECHA Y HORA DE LA ÚLTIMA TRANSACCIÓN
Fecha y hora de la última transacción 20230915233128.0
008 - • CÓDIGOS DE INFORMACIÓN DE LONGITUD FIJA
Códigos de información de longitud fija 140329s2015 ck a gr 0001j spa d
020 ## - • NÚMERO INTERNACIONAL NORMALIZADO PARA LIBROS
Número Internacional Normalizado para Libros (ISBN) 9789585911529
040 ## - FUENTE DE LA CATALOGACIÓN
Centro catalogador de origen CO-ViMGA
Lengua de catalogación spa
Centro transcriptor CO-ViMGA
100 10 - • PUNTO DE ACCESO PRINCIPAL-NOMBRE DE PERSONA
Nombre de persona Campanari, Jos
245 11 - • TITULO PROPIAMENTE DICHO
Título ŁQue mal huele!
Mención de responsabilidad, etc. Jos Čampanari & Simona Mulazzani
250 ## - • MENCIÓN DE EDICIÓN
Mención de edición Edicinón especial para El Ministerio de Cultura
300 ## - • DESCRIPCIÓN FÍSICA
Extensión [20] pg̀inas
Otras características físicas ilustraciones
Dimensiones 17cm.
490 0# - • MENCIÓN DE SERIE
Mención de serie Leer es mi cuento
490 0# - • MENCIÓN DE SERIE
Mención de serie NanOQOs
650 14 - • PUNTO DE ACCESO ADICIONAL DE MATERIA - TÉRMINO DE MATERIA
Término de materia o nombre geográfico como elemento inicial Cuentos infantiles argentinos
Fuente del encabezamiento o término LEMB
Subdivisión cronológica Siglo XXI
650 14 - • PUNTO DE ACCESO ADICIONAL DE MATERIA - TÉRMINO DE MATERIA
Término de materia o nombre geográfico como elemento inicial Literatura infantil argentina
Fuente del encabezamiento o término LEMB
Subdivisión cronológica Siglo XXI
650 14 - • PUNTO DE ACCESO ADICIONAL DE MATERIA - TÉRMINO DE MATERIA
Término de materia o nombre geográfico como elemento inicial Organos de los sentidos
Subdivisión de materia general Libros ilustrados para niños
Fuente del encabezamiento o término LEMB
700 10 - • PUNTO DE ACCESO ADICIONAL - NOMBRE DE PERSONA
Nombre de persona Mulazzani, Simona
942 ## - ENTRADA DE ELEMENTOS AGREGADOS (KOHA)
Fuente de clasificaión o esquema Dewey Decimal Classification
Koha [por defecto] tipo de item LIbro
Existencias
Perdido Fuente de clasificación o esquema Estado Físico No para préstamo Forma de adquisición Localización permanente Localización actual Localización en estanterías Fecha adquisición Préstamos totales Signatura completa Código de barras Fecha última consulta Número de copia Fecha del precio de reemplazo Tipo de item de Koha Renovaciones totales Fecha último préstamo Note pública
  Dewey Decimal Classification     Infantil Biblioteca Pública Cubarral Biblioteca Pública Cubarral Sala Infantil 07/25/2023   A CAMQ CUB00855 07/25/2023 Ej.1 07/25/2023 LIbro      
  Dewey Decimal Classification     Infantil Biblioteca Pública Dorado Biblioteca Pública Dorado Sala Infantil 05/11/2023   A CAMQ DOR02909 05/11/2023 Ej.1 05/11/2023 LIbro      
  Dewey Decimal Classification     Infantil Biblioteca Pública José Eustasio Rivera - San Martin Biblioteca Pública José Eustasio Rivera - San Martin Sala Infantil 03/04/2023   A CAMQ SM00426 03/04/2023 Ej.1 03/04/2023 Libro Infantil      
  Dewey Decimal Classification     Colección General Biblioteca Pública San Carlos de Guaroa - Eduardo Carranza Biblioteca Pública San Carlos de Guaroa - Eduardo Carranza Sala Infantil 02/22/2023   A CAMQ SG00154 02/22/2023 Ej.1 02/22/2023 LIbro      
        Colección Sala Infantil de Literatura Pocatil y Tilín Biblioteca Pública Departamental Eduardo Carranza - Villavicencio Biblioteca Pública Departamental Eduardo Carranza - Villavicencio Sala Infantil 02/18/2016   A CAMQ ECA24527 11/26/2024 Ej.1 11/26/2024 LIbro     18537 | 23694
  Dewey Decimal Classification     Sala Infantil Segundo Piso Biblioteca Pública Germán Arciniegas - Villavicencio Biblioteca Pública Germán Arciniegas - Villavicencio   04/25/2016 3 C CAMQ 29929 11/17/2022 Ej. 1 04/25/2016 LIbro 1 10/28/2022  
  Dewey Decimal Classification     Infantil Biblioteca Pública Guamal Biblioteca Pública Guamal Sala Infantil 02/10/2023   A CAMQ GUA000959 02/10/2023 Ej.1 02/10/2023 Libro Infantil      
  Dewey Decimal Classification     Infantil Biblioteca Pública Mapiripan Biblioteca Pública Mapiripan Sala Infantil 01/23/2024   A CAMQ MAP00003234 01/23/2024 Ej.1 01/23/2024 LIbro      
  Dewey Decimal Classification     Infantil Biblioteca Pública Mesetas - Franco lodo Poloxi Biblioteca Pública Mesetas - Franco lodo Poloxi Sala Infantil 07/23/2025   A CAMQ ME00123 06/20/2024 Ej.1 06/20/2024 LIbro      
  Dewey Decimal Classification     Infantil Biblioteca Pública San Juan de Arama - Concepción de Arama Biblioteca Pública San Juan de Arama - Concepción de Arama Sala Infantil 07/11/2025   A CAMQ SJA01065 07/11/2025 Ej.1 07/11/2025 Literatura Infantil      
  Dewey Decimal Classification     Infantil Biblioteca Pública San Juanito - Ernesto Maria Peña Romero Biblioteca Pública San Juanito - Ernesto Maria Peña Romero Sala Infantil 01/31/2024   A CAMQ SJU00458 01/31/2024 Ej.1 01/31/2024 LIbro      









Instituto Departamental de Cultura del Meta - Red Departamental de Bibliotecas Públicas del Meta.